Philippine woman in America

Bibliographic Details
Main Author: Brainard, Cecila Manguerra
Format: Book
Published: Quezon City : New Day Pub , 1991
Subjects:

MARC

LEADER 00000cam a2200000 7i4500
001 0000003828
002 000004127
005 20000330.0
020 |a 9711004240 
090 0 0 |a 920   |b BRA 
100 1 |a Brainard, Cecila Manguerra 
245 1 0 |a Philippine woman in America   |c essays by Cecila Manguerra Brainard 
260 |a Quezon City :   |b New Day Pub ,   |c 1991 
300 |a 100p. ;   |c 22cm. 
600 0 0 |a Brainard, Cecilia Manguerra   |x Biography 
650 0 0 |a Women, Philippine   |z Sociological aspects 
999 |a 037026   |b BUKU   |c PINJAMAN   |e PERPUSTAKAAN KOMUNITI PETALING JAYA